| 000 | 00989cam a22003137a 4500 | ||
|---|---|---|---|
| 001 | 4353 | ||
| 003 | FISKH | ||
| 005 | 20240801094645.0 | ||
| 008 | 110509s2008 enka j 000 1 eng | ||
| 010 | _a 2011411536 | ||
| 020 | _a9781847382092 | ||
| 020 | _a9781471169366 | ||
| 040 |
_aDLC _cDLC _beng |
||
| 050 | _aPZ8.F88 | ||
| 082 | _a823.92 | ||
| 100 | 1 | _aFreedman, Claire. | |
| 245 | 1 | 0 |
_aDinosaurs love underpants / _cClaire Freedman & [illustrations by] Ben Cort. |
| 260 |
_aLondon : _bSimon and Schuster, _c2008. |
||
| 300 |
_a32 pages : _bcolor illustrations ; _c21 cm |
||
| 505 | _aJ | ||
| 520 | _aIllustrations and rhyming text reveal the Mighty Underpants War as the true reason dinosaurs are extinct. | ||
| 521 | 8 |
_a450
_bLexile estimate |
|
| 521 | 8 |
_aJ
_bRaz-Plus |
|
| 650 |
_aDinosaurs _vFiction _xUnderpants |
||
| 700 | 1 |
_aCort, Ben, _eillustrator |
|
| 906 |
_a7 _bcbc _corignew _d4 _encip _f20 _gy-gencatlg |
||
| 942 |
_2ddc _cBK _n0 |
||
| 999 |
_c4353 _d4353 |
||